Endeudamiento en la era digital: el rol de los algoritmos en la cristalización de pasivos concursales (Registro nro. 21665)
[ vista simple ]
| 000 -LEADER | |
|---|---|
| fixed length control field | 00396 a2200109 4500 |
| 001 - CONTROL NUMBER | |
| control field | ART_62889 |
| 005 - DATE AND TIME OF LATEST TRANSACTION | |
| control field | 20260410161813.0 |
| 008 - FIXED-LENGTH DATA ELEMENTS--GENERAL INFORMATION | |
| fixed length control field | 260409a |
| 100 1# - MAIN ENTRY--PERSONAL NAME | |
| Personal name | Ferro, Carlos A. |
| 245 10 - TITLE STATEMENT | |
| Title | Endeudamiento en la era digital: el rol de los algoritmos en la cristalización de pasivos concursales |
| 773 0# - HOST ITEM ENTRY | |
| Title | Doctrina Societaria y Concursal |
| Related parts | - Nº 443 (jun./jul. 2025) |
| Record control number | REV4298 |
No hay ítems disponibles.